Perspectives of Data Mining in Improving Data Collection Processes in Official Statistics

Gespeichert in:
Bibliographische Detailangaben
1. Verfasser: Hudec, Miroslav, 1969-
Weitere Verfasser: Juriová, Jana
Format: Buchkapitel
Sprache:Englisch
Tags: Tag hinzufügen
Keine Tags, Fügen Sie das erste Tag hinzu!

MARC

LEADER 00000nla a2200000 4500
001 0184280
005 20240502083435.7
041 0 |a eng 
044 |a SI 
245 1 0 |a Perspectives of Data Mining in Improving Data Collection Processes in Official Statistics  |c Miroslav Hudec, Jana Juriová 
100 1 |a Hudec, Miroslav, 1969- 
700 1 |a Juriová, Jana